000 00435nam a22001817a 4500
003 OSt
005 20150225142705.0
008 150225b xxu||||| |||| 00| 0 eng d
040 _cDNLM
082 _aWE 200 C396h 1991
100 _aB.D Chaurasia
_92892
245 _aHuman Osteology /
260 _aIndia:
_bCBS;
_c1991.
300 _avii, 184 p :
_bill;
_c27 cm.
504 _aindex.
650 _aOsteology
_92893
942 _2z
_cSLOAN
999 _c1074
_d1074